| 000 | 00687nam a22001817a 4500 | ||
|---|---|---|---|
| 005 | 20251108172305.0 | ||
| 008 | 250721s9999 xx 000 0 ara d | ||
| 082 | 1 | 4 | _a956.462/حام |
| 100 | 1 | _aالخطيب، حامد | |
| 245 | 1 | 0 |
_aالرملة : _bقصة مدينة / |
| 264 | 1 |
_aعمان : _bالمنظمة العربية للتربية و الثقافة و العلوم-منظمة التحرير الفلسطينية - دائرة الثقافة و الإعلام، _c[19-]. |
|
| 300 | _a120ص | ||
| 490 | 0 | _aسلسلة المدن الفلسطينية ؛ 4 | |
| 650 | 1 | 7 | _aتاريخ فلسطين |
| 650 | 1 | 7 | _aالرملة (مدينة) |
| 942 |
_2ddc _cBK |
||
| 999 |
_c75311 _d75311 |
||